| 000 | 00823nam a2200229 a 4500 | ||
|---|---|---|---|
| 001 | 000026182 | ||
| 005 | 20200930024354.0 | ||
| 008 | 110303s2001 mnua r 000 0 spa d | ||
| 020 | _a1567184987 | ||
| 040 |
_aDO-SdBNP _bspa _cBNPHU |
||
| 041 | 1 | 7 |
_aspa _aeng _2Código de idioma MARC |
| 082 |
_aNNN _bN561d |
||
| 100 | 1 |
_aNewton, Michael, _d1951- _953190 |
|
| 240 | 1 | 0 |
_aDestiny of souls. _lEspañol. |
| 245 | 1 | 0 |
_aDestino de las almas : _bun eterno crecimiento espiritual / _cMichael Newton ; traducido al español por Jorge Camargo González, Edgar Rojas. |
| 260 |
_aMinnesota : _bLlewellyn Español, _c2001. |
||
| 300 |
_axv, 362, [6] p. : _bil. ; _c23 cm. |
||
| 534 |
_aTítulo original: _tDestiny of souls. |
||
| 700 | 1 |
_aRojas, Edgar, _etr. _931314 |
|
| 700 | 1 |
_aCamargo González, Jorge, _etr. _953191 |
|
| 049 | _aBNGR | ||
| 999 |
_c25674 _d25674 |
||